Statistiken für Das große Tierquiz

Klicken Sie hier um das Quiz zu spielen!

Allgemein

  • Dieses Quiz wurde 806 mal gespielt
    (771 seit der letzten Aktualisierung)
  • Das Durchschnittsergebnis liegt bei 7 aus 12

Antwortstatistiken

FrageAntwort% Korrekt
Warum kann ein Kolibri auch rückwärts fliegen?Um seinen Schnabel aus einer langen Blüte zu ziehen
91%
Können sich Schimpansen selbst im Spiegel erkennen?Ja, sie haben ein "Ich-Bewusstsein"
83%
Womit riechen Schlangen?Mit der gespaltenen Zunge
77%
Was ist eine Koralle?Ein Tier
67%
Wer arbeitet für das Nilkrokodil als Babysitter?Der Wassertriel, ein Vogel aus der Nachbarschaft
65%
Warum fressen Wasserschweine ihren Kot?Weil sie ihre Nahrung zweimal verdauen müssen
64%
Warum wechselt ein Chamäleon seine Farben?Antwort 1 und 2 ist richtig
55%
Wie heißt die giftigste Spinne am Amazonas?Brasilianische Wanderspinne
49%
Was ist an den Plumploris so besonders?Sie sind die einzigen giftigen Primaten der Erde
47%
Welchen Rekord hält der Flachlandtapir?Er ist das größte Säugetier in Südamerika
43%
Was ist ein Aguti?Ein Nagetier
39%
Mit wem ist das Okapi verwandt?Mit der Giraffe
25%

Verteilung der Resultate

Perzentil nach korrekt beantworteten Fragen

Anzahl Personen mit jedem Resultat

Ihre Resultats-Entwicklung

Sie haben dieses Quiz seit der letzten Aktualisierung nicht gespielt